000 01121cam a22003014a 4500
001 3545
003 BD-RjUL
005 20211208233741.0
008 131219s2002 enka b 001 0 eng
020 _a1853836982 (pbk.)
020 _a1853839140 (hardback)
035 _a(BD-RjUL)3579
040 _aDLC
_cDLC
_dDLC
_dBD-RjUL
_beng
041 _aeng
082 0 0 _a333.95
_221
_bBIO 2002
245 0 0 _aBiodiversity and traditional knowledge :
_bequitable partnerships in practice /
_cedited by Sarah A. Laird.
260 _aLondon ;
_aSterling, VA :
_bEarthscan Publications,
_cc2002.
300 _axxxix, 504 p. :
_bill. ;
_c24 cm.
504 _aIncludes bibliographical references (p. [461]-[488]). and index.
650 0 _aGermplasm resources.
_911185
650 0 _aBiodiversity.
_911186
700 1 _aLaird, Sarah A.
_911187
856 _uhttp://www.worldcat.org/title/biodiversity-and-traditional-knowledge-equitable-partnerships-in-practice/oclc/48468751&referer=brief_results
942 _2ddc
_cBK
999 _c3545
_d3545